000 00664nam a2200241Ia 4500
003 OSt
005 20220918202027.0
006 a|||||r|||| 00| 0
007 ta
008 220917b |||||||| |||| 00| 0 eng d
024 _a98,234
037 _cTextual
040 _aARTS
_cARTS
_beng
041 _2eng
_aeng
082 _aV2:28:9Z, J8.1
110 _aHome Affairs (Ministry of-) (India)
_9101867
245 0 _aHandbook of rules and regulation for the all India services
260 _c1958
650 _aHISTORY
700 _aHome Affairs (Ministry of-) (India)
_9101868
942 _hV2:28:9Z, J8.1
_cTEXL
_2CC
999 _c221826
_d221826